Zelda BotW: Alle Materialien - Statistiken

Allgemein
  • Dieses Quiz wurde 57 mal gespielt
    10 seit der letzten Aktualisierung
  • Das Durchschnittsergebnis liegt bei 88 aus 149
Antwortstatistiken
Hinweis Antwort % Korrekt
Apfel
100%
Hyrule-Pilz
100%
Pilze Maxi-Edeltrüffel
100%
Palmfrucht
100%
Schwertbanane
100%
Fleisch Wild
100%
Ausdauerbarsch
83%
In einem(Bienen)Nest Ausdauerhonig
83%
Ausdauerling
83%
Bernstein
83%
Bokblin-Herz
83%
Bokblin-Teile Bokblin-Horn
83%
Diamant
83%
Echsalfos-Teile Echsalfos-Horn
83%
Echsalfos-Schwanz
83%
Edelwild
83%
Ei
83%
Eichel
83%
Edelsteine/Steine Feuerstein
83%
Frostforelle
83%
Frostling
83%
Glutforelle
83%
Hyrulebarsch
83%
Getreide Hyrule-Reis
83%
Luxuswild
83%
Maxi-Barsch
83%
Früchte Maxi-Durian
83%
Maxi-Trüffel
83%
Milch
83%
Moblin-Herz
83%
Moblin-Teile Moblin-Horn
83%
Opal
83%
Rüstling
83%
Saphir
83%
Schleichling
83%
Schwertling
83%
Spurtling
83%
Steinsalz
83%
Nüsse Vogelnuss
83%
Krabben Ausdauerkrabbe
67%
Chili
67%
Edelgeflügel
67%
Eis-Flederbeißerflügel
67%
Feuerdrachen-Teile Eldra-Schuppe
67%
An Quellen/Im Gras Fee
67%
Feuer-Flederbeißerflügel
67%
Flederbeißerauge
67%
Flederbeißer-Teile Flederbeißerflügel
67%
Kraut Frostkraut
67%
Libellen Frostlibelle
67%
Frostmelone
67%
Geflügel
67%
Glutkraut
67%
Glutlibelle
67%
Glutling
67%
Hinox-Teile Hinox-Fußnagel
67%
Hinox-Herz
67%
Gräser Hyrule-Gras
67%
Leunen-Herz
67%
Leunen-Teile Leunen-Horn
67%
Luxusgeflügel
67%
Maxi-Muschel
67%
Moldora-Herz
67%
Rhodonit
67%
Rüstgras
67%
Schleichforelle
67%
Schwertkrabbe
67%
Schwertschnapper
67%
Echsen Spurtechse
67%
Spurtkarotte
67%
Spurtkröte
67%
Wildbeere
67%
Zitterforelle
67%
Zitterling
67%
Wächter-Teile Antike Schraube
50%
Andere Insekten Ausdauerschrecke
50%
Bokblin-Hauer
50%
Eldra-Hornsplitter
50%
Eldra-Klaue
50%
Eldra-Zahn
50%
Elektro-Flederbeißerflügel
50%
Farodra-Hornsplitter
50%
Farodra-Klaue
50%
Blitzdrachen-Teile Farodra-Schuppe
50%
Farodra-Zahn
50%
Kröten Fitkröte
50%
Fittling
50%
Goronengewürz
50%
Hinox-Zahn
50%
Baum-Loot Holzbündel
50%
Leuchtstein
50%
Leunen-Huf
50%
Löschechse
50%
Maxi-Echse
50%
Gemüse Maxi-Rübe
50%
Moblin-Hauer
50%
Moldora-Teile Moldora-Flosse
50%
Naydra-Hornsplitter
50%
Naydra-Klaue
50%
Eisdrachen-Teile Naydra-Schuppe
50%
Naydra-Zahn
50%
Oktorok-Auge
50%
Oktorok-Ballon
50%
Oktorok-Teile Oktorok-Tentakel
50%
Prinzessinnen-Enzian
50%
Rohrzucker
50%
Rüstungskrabbe
50%
Rüstungskürbis
50%
Rüstungsschnapper
50%
Schnecken/Muscheln Schleichschnecke
50%
Schleim-Teile Schleim-Gelee
50%
Schwertgras
50%
Käfer Schwertkäfer
50%
Schwertkarpfen
50%
Fällt vomHimmel Sternensplitter
50%
Tabanta-Weizen
50%
Topas
50%
Produkte Ziegenbutter
50%
Zitterfrucht
50%
Zitterkraut
50%
Zitterlibelle
50%
Antike Achse
33%
Antike Feder
33%
Antiker Riesenkern
33%
Antikes Zahnrad
33%
Ausdauerkäfer
33%
Schmetterlinge Frostflügler
33%
Gelbes Schleim-Gelee
33%
Glutflügler
33%
Große Maxi-Rübe
33%
Fisch Maxi-Lachs
33%
Monster-Essenz
33%
Rotes Schleim-Gelee
33%
Rüstungskäfer
33%
Rüstungskarpfen
33%
Spurtlotos
33%
Blumen Spurtveilchen
33%
Weißes Schleim-Gelee
33%
Zitterflügler
33%
Antiker Reaktorkern
17%
Blauer Echsalfos-Schwanz
17%
Dreifarb-Karpfen
17%
Echsalfos-Sporn
17%
Fitkarotte
17%
Gelber Echsalfos-Schwanz
17%
Roter Echsalfos-Schwanz
17%
Schleichglöckchen
17%
Löschflügler
0%
Schleichwürmchen
0%
Keine übereinstimmenden Quizze gefunden
Verteilung der Resultate
Anzahl Personen mit jedem Resultat
Perzentil nach korrekt beantworteten Fragen
Ihre Resultats-Entwicklung
Sie haben dieses Quiz seit der letzten Aktualisierung nicht gespielt